Legal care for your software : a step-by-step developer's guide /

Bibliographic Details
Main Author: Remer, Daniel
Format: Book
Language:English
Published: San Francisco : SYBEX, [1995]
Edition:5th ed.
Subjects:

MARC

Tag First Indicator Second Indicator Subfields
LEADER 00000cam a2200000 a 4500
001 in00001237805
005 20151003071924.0
008 950729s1995 cauk b 001 0 eng d
010 |a  95067586  
020 |a 0782117295 
035 |a (OCoLC)32890636 
035 |9 AGT5436AM 
040 |a ILU  |c ILU  |d TXA  |d UtOrBLW 
043 |a n-us--- 
049 |a TXAM 
090 |a KF3024.C6  |b R46 1995 
100 1 |a Remer, Daniel. 
245 1 0 |a Legal care for your software :  |b a step-by-step developer's guide /  |c Daniel Remer & Robert Dunaway. 
250 |a 5th ed. 
264 1 |a San Francisco :  |b SYBEX,  |c [1995] 
264 4 |c ©1995 
300 |a 1 volume (various pagings) :  |b forms ;  |c 28 cm. +  |e 1 computer disk (3 1/2 in.) 
336 |a text  |b txt  |2 rdacontent 
337 |a unmediated  |b n  |2 rdamedia 
338 |a volume  |b nc  |2 rdacarrier 
504 |a Includes bibliographical references and index. 
538 |a System requirements for accompanying computer disk: Microsoft Word. 
650 0 |a Software protection  |x Law and legislation  |z United States. 
650 0 |a Computer software  |x Law and legislation  |z United States. 
650 0 |a Computer contracts  |z United States. 
650 0 |a Copyright  |x Computer programs  |z United States. 
999 |a MARS 
999 f f |s f4b444af-e353-33aa-9aef-74f5bf3321dc  |i de1ec446-e460-30f5-8903-4e383ee53dae  |t 0 
952 f f |p ric  |a Texas A&M University  |b Rellis Campus  |c Joint Library Facility  |d Remote Storage  |t 0  |e KF3024.C6 R46 1995  |h Library of Congress classification  |i unmediated -- volume  |m A14819362856 
998 f f |a KF3024.C6 R46 1995  |t 0  |l Remote Storage